Proces tvorby stratégie stredne veľkého podniku v čase ekonomickej krízy diplomová práca

Gespeichert in:
Bibliographische Detailangaben
1. Verfasser: Matfiaková, Jana
Körperschaft: Podnikovohospodárska fakulta EU so sídlom v Košiciach. Katedra manažmentu
Weitere Verfasser: Bobenič Hintošová, Aneta, 1979-
Format: Buch
Sprache:Slowakisch
Veröffentlicht: Košice 2009
Tags: Tag hinzufügen
Keine Tags, Fügen Sie das erste Tag hinzu!

MARC

LEADER 00000nam$a2200000$$$4500
001 0098970
005 20240318131132.2
041 0 |a slo 
044 |a SK 
245 1 0 |a Proces tvorby stratégie stredne veľkého podniku v čase ekonomickej krízy  |b diplomová práca  |c Jana Matfiaková ; škol. Aneta Bobenič Hintošová 
264 1 |a Košice  |c 2009 
300 |a 70 s. 
100 1 |a Matfiaková, Jana 
700 1 |a Bobenič Hintošová, Aneta, 1979- 
710 2 |a Podnikovohospodárska fakulta EU so sídlom v Košiciach. Katedra manažmentu